It looks like you're offline.
Open Library logo
additional options menu

MARC record from Internet Archive

LEADER: 01081cam 2200313Ma 4500
001 ocm51372881
003 OCoLC
005 20220422142614.0
008 010928s2001 coua 000 0 eng d
040 $aHUA$beng$cHUA$dZWZ$dOCLCF$dOCLCQ$dOCLCO
020 $a0970333102
020 $a9780970333100
035 $a(OCoLC)51372881
100 1 $aKyas, Othmar.
245 10 $aNetwork troubleshooting /$cby Othmar Kyas.
260 $a[Colorado Springs, CO] :$b[Agilent Technologies],$c[2001.]
300 $a997 pages :$billustrations ;$c25 cm
336 $atext$btxt$2rdacontent
337 $aunmediated$bn$2rdamedia
338 $avolume$bnc$2rdacarrier
650 0 $aComputer networks$xMaintenance and repair.
650 0 $aComputer networks$xManagement.
650 7 $aComputer networks$xMaintenance and repair.$2fast$0(OCoLC)fst00872322
650 7 $aComputer networks$xManagement.$2fast$0(OCoLC)fst00872323
650 7 $aRéseaux d'ordinateurs.$2ram
029 1 $aAU@$b000022981506
029 1 $aZWZ$b136429092
994 $aZ0$bP4A
948 $hNO HOLDINGS IN P4A - 4 OTHER HOLDINGS